| 000 | 00567cab a2200217 4500 | ||
|---|---|---|---|
| 001 | ABS49252 | ||
| 008 | 090401t1993 xxu||||| |||| 00| 0 eng d | ||
| 035 | _a(Sirsi) u70539 | ||
| 041 | _aeng | ||
| 100 | _aPickering, J.C.G. | ||
| 245 | _aDoes it pay to relocate? | ||
| 260 | _c1993 | ||
| 350 | _a0 | ||
| 490 |
_aSolicitors` Journal _v137(32) 20 August 1993, 821(1) |
||
| 520 | _aDiscusses changes in tax relief on relocation expenses. | ||
| 650 | _aRELOCATION EXPENSES | ||
| 650 | _aTAX RELIEF | ||
| 690 | _aTAXATION | ||
| 942 | _n0 | ||
| 948 | _c04/03/1997 | ||
| 999 |
_c44375 _d44375 |
||